Catálogo
 En Linea

Mensaje depositado el 27 de febreo de 1944 en el Congreso Nacional por el presidente de la República Dominicana Gen. Dr. R. L. Trujillo Molina para darle cuenta de su gestión durante el año 1943. (Registro nro. 29645)

Detalles MARC
000 -CABECERA
campo de control de longitud fija 00544nam a2200145 a 4500
001 - NÚMERO DE CONTROL
campo de control 000030153
005 - FECHA Y HORA DE LA ÚLTIMA TRANSACCIÓN
campo de control 20200930060104.0
008 - DATOS DE LONGITUD FIJA--INFORMACIÓN GENERAL
campo de control de longitud fija 110503s1946 dr 000 0 spa d
040 ## - FUENTE DE LA CATALOGACIÓN
Centro catalogador/agencia de origen DO-SdBNP
Lengua de catalogación spa
Centro/agencia transcriptor BNPHU
082 ## - NÚMERO DE LA CLASIFICACIÓN DECIMAL DEWEY
Número de clasificación xxx
Número de documento/Ítem M528d
049 ## - FONDOS LOCALES (OCLC)
Fondos de biblioteca BNPD
245 00 - MENCIÓN DE TÍTULO
Título Mensaje depositado el 27 de febreo de 1944 en el Congreso Nacional por el presidente de la República Dominicana Gen. Dr. R. L. Trujillo Molina para darle cuenta de su gestión durante el año 1943.
260 ## - PUBLICACIÓN, DISTRIBUCIÓN, ETC.
Lugar de publicación, distribución, etc. Ciudad Trujillo :
Nombre del editor, distribuidor, etc. Montalvo,
Fecha de publicación, distribución, etc. 1946.
300 ## - DESCRIPCIÓN FÍSICA
Extensión 133 p. ;
Dimensiones 24 cm.
Existencias
Estado de retiro Estado de pérdida No para préstamo Código de colección Localización permanente Ubicación/localización actual Ubicación en estantería Fecha de adquisición Número de inventario Total de préstamos Signatura topográfica completa Código de barras Fecha visto por última vez Precio válido a partir de Tipo de ítem Koha
    Excluido de préstamo Patrimonio Dominicano Patrimonio Dominicano Patrimonio Dominicano En catalogación 03.05.2011 LF1   xxx M528d 30153-10 25.06.2020 25.06.2020 Libro y Folleto Colección Patrimonio Dominicano

Con tecnología Koha